[Event "Linares 9th"]
[Site "Linares"]
[Date "1991.??.??"]
[Round "13"]
[White "Gelfand, Boris"]
[Black "Gurevich, Mikhail"]
[Result "0-1"]
[WhiteElo "2700"]
[BlackElo "2650"]
[EventDate "1991.02.??"]

1. d4 f5 2. g3 Nf6 3. Bg2 g6 4. c4 Bg7 5. Nc3 O-O 6. Nf3 d6 7. O-O Qe8 8. 
d5 Na6 9. Rb1 Bd7 10. b4 c5 11. dxc6 Bxc6 12. b5 Bxf3 13. Bxf3 Nc5 14. Be3
Rc8 15. Bxc5 Rxc5 16. Bxb7 Rxc4 17. Bc6 Qf7 18. Rb3 Rc8 19. a4 Rd8 20. a5 
d5 21. a6 e6 22. Bb7 Ne8 23. Na2 Nd6 24. Nb4 Qc7 25. Nc6 Re8 26. Nxa7 Nxb7
27. axb7 Qxb7 28. Nc6 Qb6 29. e3 Ra8 30. Qd3 Bf6 31. Rfb1 Kg7 32. Qe2 Raa4
33. Qd2 Rc5 34. Qd1 Ra2 35. Nd4 Kh6 36. Rb4 Rc3 37. R4b3 Rc5 38. Rb4 Ra5 
39. Nc6 Raxb5 40. Rxb5 Rxb5 41. Rxb5 Qxb5 42. Nd4 D {Queen endings are 
among the easiest to win. Yuri Averbakh, the great
endgame authority, claimed they are even easier to win than knight 
endings.
Here, for instance, 1} 42. ... Bxd4 {reaches either a won pawn ending or a
won queen
ending.
The pawn ending comes about from} 43. exd4 {The queen ending is won 
because Black can create an outside passed d-pawn
after} ( 43. Qxd4 Qb1+ 44. Kg2 Qe4+ 45. Qxe4 ( 45. f3 Qxd4 46. exd4 Kg5 
47. f4+ Kf6 ) 45. ... fxe4 46. f3 ) 43. ... Qb2 44. Kg2 e5 45. dxe5 Qxe5 {
The winning technique is essentially the same with other same-piece
endings. The superior side first forces the enemy to take steps to stop 
the passed
pawn's advance. Then he advances his king and looks for an opportunity to 
raid
pawns on the other wing. In this case the first step was accomplished by} 
46. Qd2+ Kg7 47. f3 d4 48. Kf2 Qc5 49. Qb2 Kf6 50. Ke2 Qc4+ 51. Kd2 Kg5 
52. Qa3 Qe6 53. Qb4?! ( 53. h3 Kh5 54. f4 Qe4 55. Qd3 Kh6 56. Kc2 Kh5 ) 
53. ... Qe3+ 54. Kc2 Qf2+ 55. Kc1 Qg1+ 56. Kc2 Qxh2+ 57. Kd3 Qxg3 58. Qe7+
Kh6 {When material is equal, positional plusses naturally take center 
stage. But
the hierarchy continues to play a role. In the next example, Black has a
positional edge in view of his passed h-pawn and White's doubled pawns. 
The
hierarchy indicates he should have good winning chances. Let's see how two
of
the world's greatest endgame players handled it.} 0-1

[Event "Tilburg"]
[Site "Tilburg NED"]
[Date "1986.10.20"]
[Round "2"]
[White "Portisch, Lajos"]
[Black "Karpov, Anatoly"]
[Result "0-1"]
[WhiteElo "2605"]
[BlackElo "2705"]
[EventDate "1986.10.??"]
[PlyCount "122"]
[EventType "tourn"]
[EventRounds "14"]
[EventCountry "NED"]
[EventCategory "15"]
[Source "ChessBase"]
[SourceDate "1988.04.01"]
[WhiteTeamCountry "GER"]
[BlackTeamCountry "GER"]

1. d4 Nf6 2. c4 e6 3. Nf3 b6 4. g3 Bb7 5. Bg2 Be7 6. O-O O-O 7. Nc3 Ne4 8.
 Nxe4 Bxe4 9. Nh4 Bxg2 10. Nxg2 d5 11. Qa4 dxc4 12. Qxc4 c5 13. Be3 cxd4 
14. Bxd4 Qc8 15. Rac1 Qxc4 16. Rxc4 Rd8 17. Be3 Nd7 18. Rfc1 Kf8 19. Ne1 
Bd6 20. Nf3 Ne5 21. Ra4 Nxf3+ 22. exf3 Rdb8 23. Rc6 Ke7 24. b4 Kd7 25. b5 
e5 26. Rc2 Rb7 27. Rd2 Ke6 28. f4 exf4 29. gxf4 f5 30. Rad4 Rd8 31. Kf1 
Rc7 32. Re2 Rdd7 33. a4 Bc5 34. Rxd7 Kxd7 35. Rd2+ Ke6 36. Rc2 Kd5 37. Kg2
Re7 38. Kf3 g6 39. h4 Rc7 40. Rc1 Bd6 41. Rd1+ Ke6 42. h5 gxh5 43. Rh1 Bc5
44. Rxh5 Bf8 45. Rh1 h6 46. Ra1 Bg7 47. Rg1 Kf7 48. Rd1 Bf6 49. Rb1 Rc4 
50. a5 D {When material is equal, positional plusses naturally take center
stage. But
the hierarchy continues to play a role. In the next example, Black has a
positional edge in view of his passed h-pawn and White's doubled pawns. 
The
hierarchy indicates he should have good winning chances. Let's see how two
of
the world's greatest endgame players handled it. 
White naturally wants to liquidate the queenside pawns. Black can meet his
threat of axb6 by offering either of two trades} 50. ... bxa5 ( 50. ... 
Bd4 ) 51. Bxa7 Rb4! 52. Rxb4 axb4 {This
should be winnable because of three factors: First, Black has two passed 
pawns.
Second, he can slow the advance of White's pawn (b6 ..Bd4 ! ). And third, 
the
White f-pawns interfere with his bishop's ability to stop the h-pawn.} 53.
 Ke3 ( 53. b6 Bd4 54. Ke2 b3 55. Kd2 b2 56. Kc2 h5 +-- ) 53. ... Be7 54. 
Kd4 h5 55. b6 b3 56. b7 Bd6 {There are a lot of other finesses to 
appreciate in this game, such as White's
attempts to divert Black's bishop from control of b8, and Black's skillful
use of
his passed pawns. But that's not rare in bishop endgames. That's why they 
are
winnable more often than rook endings.} 57. Kc3 h4 58. Bd4 Bb8 59. Be5 Ba7
60. Bd4 b2 61. Kc2 Bb8 0-1

[Event "Kharkov Rector Cup 4th"]
[Site "Kharkov UKR"]
[Date "2002.03.28"]
[Round "9"]
[White "Kobalia, Mikhail"]
[Black "Gershon, Alik"]
[Result "1-0"]
[WhiteElo "2620"]
[BlackElo "2558"]
[EventDate "2002.03.22"]
[Annotator "Tyomkin,D"]
[EventType "tourn"]
[EventRounds "10"]
[EventCountry "UKR"]
[EventCategory "13"]
[Source "ChessBase"]
[SourceDate "2002.08.12"]

1. e4 c5 2. Nf3 Nc6 3. d4 cxd4 4. Nxd4 Nf6 5. Nc3 d6 6. Bg5 e6 7. Qd2 Be7 
8. O-O-O O-O 9. f4 h6 10. Bh4 Nxd4 11. Qxd4 Qa5 12. Bc4 e5 13. fxe5 dxe5 
14. Qd3 Bg4 15. Rdf1 ( 15. Bxf6 Bxf6 16. Rdf1 {-is another sharp line, 
which probably leads to some advantage of white as well;} ) 15. ... Qc5 N 
{15...Rac8 following with Rxc3 blows deserves attention, while 15...Qc5 
doesn't decide black' problems;} ( 15. ... Be6 16. Bxf6 ( {Black gets his 
pawn chain destroyed here, while it's not that dangerous:} 16. Bxe6 fxe6 
17. Qc4 Qb6 18. Bf2 Qd6 19. Rd1 Rac8 20. Qxc8 Rxc8 21. Rxd6 Bxd6 22. Bxa7 
Bb4 {1/2-1/2 Unzicker,W-Pomar Salamanca,A/Bern 1962/EXT 2000 (44)} ) 
16. ... Bxf6 17. Kb1 Qc5 18. Bb3 Kh8 19. h4 Be7 20. Qe2 Qc8 21. Bxe6 fxe6 
22. Rxf8+ Qxf8 23. Qb5 +/- {1-0 Ponomariov, R-Avrukh,B/Panormo 2001/CBM 84
ext (41). (40)} ) ( 15. ... Rad8? 16. Qg3 Be6 17. Rxf6 Bxc4 18. Rxh6 +/- {
1-0 Zurakhov,V-Boleslavsky,I/Riga 1955/EXT 99 (116). (115)} ) ( 15. ... 
Rac8!? 16. Bb3 Rxc3! 17. Qxc3 Qxc3 18. bxc3 Ba3+ 19. Kb1 Nxe4 =+ {1/2-1/2 
Szabo,J-Pietzsch,W/Dresden 1959/MCD (43)} ) 16. Bb3 Kh8 ( 16. ... Be6!? ) 
17. Bxf6 Bxf6 18. Kb1 Rad8 19. Qg3 Be6 20. Nd5 ( 20. Bxe6 fxe6 {-black is 
okay here, mostly based on weakness of Nc3;} ) 20. ... Bxd5 21. Bxd5 {
Wells: 'A few reasonable outings for black seemed to have briefly 
persuaded people that this system might be a satisfactory handling of the 
Rauzer for black. However, just comparing the two bishops it is hard to 
imagine that black can ever claim full equality, and games like this, 
where white's initiative persists deep into the ending will do its 
reputation no good at all. '} 21. ... Rd6 22. Rf3 Rb6 23. Rc3 Qb4 ( 
23. ... Qd4 24. Qf3 {-same story;} ) 24. Rb3 Qd4 25. Rxb6 {Wells: 'White 
has no fear of exchanges. In addition to the superior bishop, white can 
claim a weakness of f7 and the queenside majority as potential trumps.'} 
25. ... Qxb6 += {White still keeps some edge mostly because of the better 
bishop d5, while black should be able to hold here;} 26. Qf3 a5?! {
Queenside advanced pawns of black became the main target eventually- so 
this was better to keep them on 7th for a while;} ( 26. ... Qc7 âŒ“ ) 27. 
a3 Qc7 28. Qb3 {f7 is always the target for attack;} 28. ... b6 29. Rf1 
Kg8 30. Qg3 Qe7 D {The winnable hierarchy comes with a few caveats. The 
biggest is: A winning
'how' matters more. Case in point: 

White saw that the only targets were at b6 and f7, and the only immediate
threat he could come up with was} 31. Qe3! Qc5? {The trade of queens leads
to the very bad ending for black; Wells: 'A serious, but rather 
understandable misjudgment. Black's problem is that after the exchange, he
has the acute weakness of f7 in the presence of rooks, and of a5 and c5 in
the pure opposite bishop ending. There is too much use of generalisation 
around concerning such endings. It is well known that some such endings 
can be drawn even with a substantial material disparity, but at the same 
time in the absence of blockades and with multiple weaknesses to hit the 
defence can be quite helpless. '} ( 31. ... b5 32. Qb6 {wins material} 
32. ... b4 33. a4 Qd8 34. Qa7 += ) ( {or} 31. ... Qd6 += ) ( 31. ... Qc7 
32. Rf3 {But what if Black meets a forcing move with a forcing move? After
} ) 32. Qxc5 {White knew that trading queens was dubious, particularly if 
he also
traded rooks. Bishops of opposite color endgames are at the bottom of the
hierarchy and are hard to win even when two or three pawns ahead.
But White can ask himself the obvious question: If l did play} 32. ... 
bxc5 {how could I win? The answer is: "My king and rook can go after the 
targets at a5 and c5."
That's why White sought this ending and why it turned out to be so easily 
won.
He played} 33. Rf3! {Pawns c5 and a5 in addition to passive Bf6 make black
defendless;} 33. ... Rb8 34. Ka2 Kf8 ( 34. ... a4 35. b3! ( 35. Bc6 $143 
Rd8 36. Rf2 Bg5 â‡„â‡„ ) 35. ... axb3+ 36. Rxb3 +- {with semilar ending as
in the game;} ) 35. Rb3! {Smart swap- now white king gets in grabbing one 
of black qside pawns;} 35. ... Rxb3 ( 35. ... Rc8 36. Rb7 Be7 37. Kb3 +- )
36. Kxb3 Bg5 37. Ka4 Bd2 ( 37. ... Bc1 {Wells} 38. Kxa5 Bxb2 39. a4 +- ) 
38. Kb5 {Two weaknesses;} 38. ... Ke7 D {one more time: How can I win?
The answer is: "With a passed a-pawn." Black would have to give up his
bishop to stop it.
So instead of Kxc5? Bc1 !, White played} 39. a4! {with the idea of c3 and 
Kxa5} ( 39. Kxc5 Bc1 40. a4 Bxb2 41. c4 {and there is no clear way to 
block c-passer and to guard a5 at the same time ;} ) 39. ... Bc1 40. Kxa5!
Bxb2 41. c4! {And if you're wondering why White spent a tempo on 41 c4! , 
the answer is
that it stops Black from getting his bishop onto the a7-g1 diagonal. White
may be able to find another winning plan after} ( 41. Kb5 c4 42. Bxc4 Bd4!
43. a5 Kd6 {But it's not worth investigating when you already have one.} )
41. ... f5 42. Kb6 {Same two weaknesses here too;} 42. ... Bc3 43. a5 
Bxa5+ 44. Kxa5 f4 45. Bc6 g5 46. Ba4! g4 47. Bd1 h5 48. Kb6 {By playing 
over master games you can often find the enough moment. It
may be the point when the player with advantage traded queens and gave up 
the
initiative. It may be when he took an irrevocable step that led to a 
winning
heavy-piece endgame. It may be when he created a material imbalance that 
was
accompanied by a big positional plus. These are the moments worth studying
when it comes to winnability.


And once again, some quiz positions:} ( 48. Kb6 Kd6 49. Kb5 {or any other 
waiting move and black is in zugzwang;} ) 1-0

[Event "USSR"]
[Site "USSR"]
[Date "1981.??.??"]
[Round "1"]
[White "Bagirov, Vladimir"]
[Black "Mikhalchishin, Adrian"]
[Result "1/2-1/2"]
[WhiteElo "2505"]
[BlackElo "2535"]
[EventDate "1981.??.??"]
[PlyCount "177"]

1. c4 Nf6 2. Nf3 g6 3. Nc3 d5 4. d4 Bg7 5. e3 O-O 6. b4 b6 7. b5 c5 8. 
bxc6 Nxc6 9. Ba3 Bb7 10. Rc1 a6 11. c5 b5 12. Bb2 e5 13. Be2 exd4 14. Nxd4
Rc8 15. O-O Ne5 16. Nb3 Nc4 17. Ba1 Qd7 18. Bf3 a5 19. a4 bxa4 20. Nd4 
Rxc5 21. Nxa4 Rc7 22. Rb1 Ba6 23. Be2 Ne4 24. Nb6 Qd6 25. Re1 Rd8 26. Nxc4
dxc4 27. Qc2 Nc5 28. Bc3 Nb3 29. Red1 Qe7 30. h3 a4 31. Qa2 Bb7 32. Bf1 
Be4 33. Rb2 a3 34. Re2 Bd3 35. Ree1 Bxf1 36. Kxf1 Nxd4 37. exd4 Qd6 38. 
Ba5 Ra8 39. Bxc7 Qxc7 40. d5 Qh2 41. Re3 Bh6 42. Re7 Qd6 43. Re2 c3 44. g3
Bd2 45. Rexd2 cxd2 46. Rxd2 Qb4 47. Re2 Qb5 48. Ke1 Qb4+ 49. Kd1 Qb5 50. 
Ke1 Rb8 51. d6 Qd3 52. d7 Qxd7 53. Kf1 Ra8 54. Kg1 h5 55. Kh2 Qb7 56. h4 
Qb5 57. Re3 Qc5 58. Rf3 Ra7 59. Re3 Kg7 60. Rf3 Qd6 61. Re3 Qf8 62. Re2 f6
63. Qa1 Qb4 64. Ra2 D {Does B lack have realistic winning chances?

-------------------

No. As dominating as Black's pieces are, he can't win. He lacks a ' how'.
He might win if he could trade rooks or queens. But he can't force a swap.
Nor can he effectively target f2, advance his king or push his kingside 
pawns.
The game was drawn after 25 more moves but the outcome was clear after} 
64. ... Qb3 65. Kg2 Qd5+ 66. Kh2 Qe5 67. Qd1 Qe4 68. Qa1 Qe5 69. Qd1 Qe4 
70. Qa1 Qe5 71. Qd1 Qe4 72. Qa1 Qb4 73. Qc1 Qe7 74. Qc3 Kh7 75. Qd3 Qc5 
76. Qb3 f5 77. Qb8 Re7 78. Qb3 Ra7 79. Qb8 Qe7 80. Kg2 Qe4+ 81. Kh2 Qe7 
82. Qf4 Ra6 83. Qc4 Qa7 84. Qb4 Ra4 85. Qf8 Qg7 86. Qd6 Qa7 87. Qf8 Qg7 
88. Qd6 Qa7 89. Qf8 1/2-1/2

[Event "Las Palmas Interzonal"]
[Site "Las Palmas ESP"]
[Date "1982.??.??"]
[Round "3"]
[White "Pinter, Jozsef"]
[Black "Timman, Jan H"]
[Result "0-1"]
[WhiteElo "2550"]
[BlackElo "2600"]
[EventDate "1982.07.??"]
[PlyCount "82"]
[EventType "tourn"]
[EventRounds "13"]
[EventCountry "ESP"]
[EventCategory "12"]
[Source "ChessBase"]
[SourceDate "1999.07.01"]
[WhiteTeamCountry "GER"]
[BlackTeamCountry "GER"]

1. d4 Nf6 2. c4 e6 3. Nc3 Bb4 4. Nf3 c5 5. e3 Nc6 6. Bd3 Bxc3+ 7. bxc3 d6 
8. O-O e5 9. Nd2 O-O 10. d5 Ne7 11. f3 Bf5 12. e4 Bd7 13. Qc2 Nh5 14. g3 
f5 15. exf5 Bxf5 16. Ne4 h6 17. Bd2 Qd7 18. Rae1 Bh3 19. Rf2 Rf7 20. Qd1 
Nf6 21. Be3 Nxe4 22. Bxe4 Bf5 23. Qc2 Raf8 24. Ref1 Bxe4 25. Qxe4 Qf5 26. 
a4? D {Same question: Does Black have realistic winning chances?

---------------

Yes. White last move, 26. a4??, made a win possible with} ( 26. Qxf5 Nxf5 
27. Bc1 g5 28. Kg2 ) 26. ... Qxe4 27. fxe4 Rxf2 28. Rxf2? ( 28. Bxf2 Nc8 )
28. ... Rxf2 29. Kxf2 a5! {The win became obvious after} 30. Ke2 Nc8 31. 
Kd3 Nb6 32. h4 Nxa4 33. Bc1 Nb6 34. g4 Kf7 35. Bd2 a4 36. Bc1 Kf6 37. Ba3 
g5! 38. h5 Ke7 39. Bc1 Nd7 40. Ke2 Nf6 41. Kf3 Kd7 {and the king will 
support . . . b5 to gain entry to the
queenside.} 0-1

[Event "RUS Team Ch"]
[Site "Sochi RUS"]
[Date "2004.04.23"]
[Round "4.1"]
[White "Bareev, Evgeny"]
[Black "Fominyh, Alexander"]
[Result "1-0"]
[WhiteElo "2711"]
[BlackElo "2579"]
[EventDate "2004.04.20"]
[Annotator "Huzman"]

{28 tah} 
1. d4 d5 2. Nf3 Nf6 3. c4 dxc4 4. e3 Bg4 5. Bxc4 e6 6. Nc3 Nbd7 7. O-O c6 
8. Be2 Be7 9. e4 O-O 10. Be3 Bb4 11. Qc2 ( 11. e5 Nd5 12. Nxd5 cxd5 13. 
Ng5 ( 13. Rc1 Nb8 14. Ng5 Bf5 15. Bd3 Be7 16. Bxf5 exf5 17. Qh5 Bxg5 18. 
Bxg5 Qb6 19. Be7 Re8 20. Qxf5 Nc6 21. Bc5 Qxb2 ( 21. ... Qa6!? ) 22. Rb1 
Qxa2 23. Rxb7 +/- {1-0 Vladimirov,E-Fominyh,A/Mumbai IND 2003/(27)} ) ( 
13. Bg5 Qb6? ( 13. ... Be7 =, quiet ) 14. a3 +/- {0-1 
Kaakinen,M-Sorri,K/Helsinki 1989/EXT 2002 (68)} ) 13. ... Bf5 14. Bd3 Be7 
15. Bxf5 exf5 16. Nh3 Nb6 17. Nf4 Qd7 18. Qf3 += {1/2-1/2 
Gelfand,B-Fominyh,A/Dagomys RUS 2004/(37)} ) ( 11. Nd2 Bxe2 12. Qxe2 e5 
13. a3 exd4 {1/2-1/2 Sakaev,K-Fominyh,A/Moscow 1999/CBM 75 (13)} ) 11. ...
 c5 12. Rfd1 ( 12. Rad1 cxd4 13. Bxd4 Qc7 14. Qb1 a6 15. Rc1 Qf4 16. Be3 
Qb8 17. Rfd1 Bd6 18. h3 Bxf3 19. Bxf3 Bh2+ 20. Kh1 Bf4 =, quiet {0-1 
Bykov,A-Fominyh,A/Omsk/Perm 1998/ EXT 2000 (74)} ) 12. ... cxd4 13. Bxd4 
Bxf3 {Ftacnik: 'The novelty in order to prevent the unpleasant threat of 
advance of the e pawn.'} ( 13. ... Qb8 14. e5 Bxc3 15. Bxc3 Bxf3 ( 15. ...
 Nd5 16. Rxd5 exd5 17. Ng5 +- ) ( 15. ... Bf5 16. Bd3 Bxd3 17. Qxd3 Nd5 
18. Ng5 +- ) 16. exf6 Bxe2 17. Qxe2 ( 17. Rxd7! +- ) 17. ... Nxf6 18. Be5 
Qe8 19. Bd6 Nd5 20. Bxf8 Qxf8 +/- {1/2-1/2 Harikrishna,P-Fominyh, 
A/Hyderabad 2000/CBM 79 (49)} ) 14. Bxf3 Qb8 ( 14. ... Qc7 {Ftacnik} 15. 
Rac1 Bd6 16. g3 += ) 15. g3 Ne5 {'?!' Ftacnik. Ftacnik: 'The second rate 
move can not solve defenders' problems. After the correct move 15...e5! 
white's advantage would have been minimal.'} ( 15. ... e5! {Ftacnik} 16. 
Be3 Rc8 =, quiet ) 16. Bg2 Rd8 17. Qe2 += ( 17. Qb3 {Ftacnik} 17. ... Be7 
18. Rac1 Nc6 19. Be3 Ng4 20. Rxd8+ Qxd8 21. Qxb7 += ) 17. ... Nc6? {Black 
must have missed his opponent's 19th move posing a significant threat to 
the weakened black K.} ( 17. ... Nfd7! 18. Rac1 ( 18. f4!? Nc6 19. Bf2 
Bxc3 20. bxc3 Qc7 21. e5 += ) 18. ... Bc5! 19. Nb5 ( 19. f4 Bxd4+ 20. Rxd4
Nc6 21. Rdd1 Qc7 22. e5 += ) 19. ... Bxd4 20. Rxd4 Nc6 21. Rd2 Nde5 += ) (
17. ... Be7 {Ftacnik} 18. Rac1 Nc6 19. Be3 += ) 18. Bxf6 gxf6 ( 18. ... 
Rxd1+ 19. Rxd1 gxf6 20. Nd5 exd5 21. Qg4+ Kh8 22. exd5 f5 23. Qc4 +/- ( 
23. dxc6!? fxg4 24. cxb7 Qxb7 25. Bxb7 +/- ) ) 19. Nd5! {Ftacnik: 'Bareev 
very cleverly benefits from the unprotected location of the bishop on b4 
to start a violent attack.'} 19. ... Be7 ( 19. ... Kh8 20. Nxf6 +/- Be7 {
Ftacnik} 21. Ng4 Nd4 22. Qe3 e5 23. Nh6 +/- ) ( 19. ... exd5 {Ftacnik} 20.
 Qg4+ Kh8 21. exd5 Rd6 22. a3 +- ) 20. Nxe7+ Nxe7 21. Rxd8+ Qxd8 22. e5! {
The B checks in for the game just in time.} 22. ... fxe5 ( 22. ... Qd4 {
Ftacnik} 23. exf6 Qxf6 24. Rd1 Rb8 25. Rd7 +/- ) 23. Qxe5 Nc6 24. Qb5 ( 
24. Qh5 {Ftacnik} 24. ... Qd4! 25. Qb5 Rd8 26. Qxb7 Nb4 += ) 24. ... Qd7? 
{'?!' Ftacnik. Ftacnik: 'Fominyh could not have hoped to avoid all 
dangers, but after this move opponent's pieces will become decisively 
active.'} ( 24. ... Rb8! {'!?' Ftacnik.} 25. Rc1 Nd4 ( 25. ... a6 {Ftacnik
} 26. Qb3 += ) 26. Qh5 +/- ) 25. Qg5+ Kf8? ( 25. ... Kh8 26. Qh5 Rd8 27. 
Bxc6 bxc6 28. Rc1 +/- ) 26. Qh5 Kg7 27. Rd1! +- {White is being an example
of a perfect team - playing together, his pieces threaten both the half 
defenceless K and weak pawns.} 27. ... Qe7 D {Where do White's winning 
chances lie? What specific steps can he take?

-----------------

They are on the kingside. Black doesn't have enough king protection and
this is revealed by} 28. Bxc6! bxc6 29. Rd4! {Black gained some defensive 
space with} 29. ... f5? {but that exposed his second
rank to} ( 29. ... Rd8 30. Rh4 Kf8 31. Qxh7 +- Qc5 32. Rf4 +- ) ( 29. ... 
Kg8 30. Qg4+ Kf8 31. Qf4 Kg7 32. Qg4+ ) 30. Qd1! {Although Black could 
still resist with} 30. ... Kg6 31. Rd7 Qc5 D {this is the kind
of position that shouldn't be holdable in the long run.} 32. h4!? ( 32. 
Qe1! Re8 33. b4 Qc2! 34. Qe5 Qb1+ 35. Kg2 Qe4+ 36. Qxe4 fxe4 37. Rxa7 +/- 
) 32. ... Rg8 33. Qe1 ( 33. Qd2!? h6 34. b4 Qe5 35. Rxa7 +- ) 33. ... Kf6 
34. Kg2 Rg4 ( 34. ... h6 35. Qd2 Kg6 36. h5+ Kxh5 37. Qe2+ Rg4 38. Qxe6 +-
) 35. Qd2! +- Qb4 ( 35. ... f4 36. Rxh7 Qd5+ 37. Qxd5 cxd5 38. Rxa7 +- ) 
36. Qh6+ Ke5 ( 36. ... Rg6 37. Qxh7 Qe4+ 38. Kh2 +- ) 37. f4+ 1-0

[Event "Akureyri"]
[Site "Akureyri"]
[Date "1988.??.??"]
[Round "?"]
[White "Gurevich, Mikhail"]
[Black "Adorjan, Andras"]
[Result "1-0"]
[WhiteElo "2625"]
[BlackElo "2540"]
[EventDate "1988.03.??"]
[PlyCount "109"]
[EventType "tourn"]
[EventRounds "11"]
[EventCountry "ISL"]
[EventCategory "10"]
[Source "ChessBase"]
[SourceDate "1989.02.01"]
[WhiteTeamCountry "BIH"]
[BlackTeamCountry "GER"]

1. d4 Nf6 2. c4 e6 3. Nf3 b6 4. a3 Bb7 5. Nc3 d5 6. cxd5 Nxd5 7. Qc2 Nxc3 
8. Qxc3 h6 9. Bf4 Bd6 10. Ne5 Nd7 11. f3 Rc8 12. e4 O-O 13. Rd1 Nf6 14. 
Be3 c6 15. g3 Qe7 16. Nd3 Nd7 17. Ne5 Nf6 18. Qb3 Nd7 19. Nxd7 Qxd7 20. 
Bc4 Qc7 21. Kf2 c5 22. d5 exd5 23. Bxd5 Rfd8 24. Bxb7 Qxb7 25. Rd5 Qe7 26.
 Rhd1 Be5 27. f4 Bd4 28. Bxd4 Rxd5 29. Qxd5 Rd8 30. Qe5 Qxe5 31. fxe5 cxd4
32. Ke2 Re8 33. Rxd4 Rxe5 34. Rd8+ Kh7 35. Rd7 Rb5 36. b4 a5? D {What move
should White consider first? And does it work?

------------------

He should first look at 1 Rd5, not Rxf7 or even  bxa5 . The reason is that
1 Rxd5 2 exd5 is forced and the endgame may be a simple win. White's
king can create a second passed pawn and it's only a matter of counting to
see
if it wins the race against Black's kingside pawns.
The game went} 37. Rd5! Rxd5 38. exd5 {is forced and the endgame may be a 
simple win. White's
king can create a second passed pawn and it's only a matter of counting to
see
if it wins the race against Black's kingside pawns.} 38. ... Kg6 39. bxa5 
bxa5 40. Kd3 Kf6 41. Kc4 Ke7 42. Kb5 Kd6 43. Kxa5 f5 44. Kb5 Kxd5 45. a4 
g5 46. a5 Kd6 {White can 't force the a-pawn through in time ( 47 Kb6 f4).
But the a-pawn will deflect the Black king, allowing White to win on the
kingside:} 47. Kc4 Kc6 48. Kd4 Kb5 49. Ke5 f4 50. gxf4 gxf4 51. Kxf4 Kxa5 
52. Kg4 Kb5 53. Kh5 Kc5 54. Kxh6 Kd6 55. Kg7 1-0